01488 2200601 4500001002100000005001500021035002000036245005900056100001200115250000600127300003500133700001200168260004700180082001300227084001900240020002100259650001100280990001700291990001700308990001700325990001700342990001700359990001700376990001700393990001700410990001700427990001700444990001700461990001700478990001700495990001700512990001700529990001700546990001700563990001700580990001700597990001700614990001700631990001700648990001700665990001700682990001700699990001700716990001700733990001700750990001700767990001700784990001700801990001700818990001700835990001700852990001700869INLIS00000000000004820180809121616 a0010-08180000121 aAyo, Belajar Shalat Sunat! /cHidayat; Editor, Nuraini0 aHidayat a- aiv, 43 hlm. :bilus. ;c25 cm.0 aNuraini aBandung :bPT Imperial Bhakti Utama,c2009 a297.3822 a297.3822 HID a a98-602-8318-26-6 aShalat a00198/P/2018 a00199/P/2018 a00200/P/2018 a00201/P/2018 a00202/P/2018 a00198/P/2018 a00199/P/2018 a00200/P/2018 a00201/P/2018 a00202/P/2018 a00198/P/2018 a00199/P/2018 a00200/P/2018 a00201/P/2018 a00202/P/2018 a00199/P/2018 a00198/P/2018 a00200/P/2018 a00201/P/2018 a00202/P/2018 a00200/P/2018 a00198/P/2018 a00199/P/2018 a00201/P/2018 a00202/P/2018 a00201/P/2018 a00198/P/2018 a00199/P/2018 a00200/P/2018 a00202/P/2018 a00202/P/2018 a00198/P/2018 a00199/P/2018 a00200/P/2018 a00201/P/2018